| Tag |
First Indicator |
Second Indicator |
Subfields |
| LEADER |
00000cam a2200000 a 4500 |
| 001 |
in00000009011 |
| 005 |
20151007051446.0 |
| 008 |
870312s1987 nyua bc 00100 eng d |
| 010 |
|
|
|a 86072687
|
| 020 |
|
|
|a 0933920911 :
|c $35
|
| 035 |
|
|
|a (OCoLC)15542557
|
| 035 |
|
|
|9 AAA3082AM
|
| 040 |
|
|
|a BRL
|c BRL
|d OCL
|d BOS
|d TXA
|d UtOrBLW
|
| 043 |
|
|
|a n-us---
|
| 049 |
|
|
|a TXAM
|c 1 [A12641071], 2 [A11674526]
|
| 050 |
|
4 |
|a PN1993.5.U6
|b B345 1987
|
| 245 |
0 |
0 |
|a Before Hollywood :
|b turn-of-the-century American film /
|c texts by John L. Fell [and others].
|
| 250 |
|
|
|a 1st ed.
|
| 264 |
|
1 |
|a New York :
|b Hudson Hills Press in association with the American Federation of Arts :
|c [1987]
|
| 264 |
|
2 |
|a New York :
|b Distributed by Rizzoli,
|
| 264 |
|
4 |
|c ©1987
|
| 300 |
|
|
|a 169 pages :
|b illustrations (some color) ;
|c 31 cm.
|
| 336 |
|
|
|a text
|b txt
|2 rdacontent
|
| 337 |
|
|
|a unmediated
|b n
|2 rdamedia
|
| 338 |
|
|
|a volume
|b nc
|2 rdacarrier
|
| 500 |
|
|
|a Catalog issued in conjunction with a film exhibition organized by the American Federation of Arts.
|
| 504 |
|
|
|a Bibliography: pages 164-166.
|
| 500 |
|
|
|a Includes index.
|
| 650 |
|
0 |
|a Motion pictures
|z United States
|x History
|y 19th century.
|
| 650 |
|
0 |
|a Motion pictures
|z United States
|x History
|y 20th century.
|
| 650 |
|
0 |
|a Silent films
|z United States.
|
| 700 |
1 |
|
|a Fell, John L.,
|d 1927-
|
| 710 |
2 |
|
|a American Federation of Arts.
|
| 999 |
|
|
|a MARS
|
| 999 |
f |
f |
|s f430d52d-a0a4-313a-a3d3-616670d9b553
|i affc3e26-94c8-324e-9b21-353cf1bac2ec
|t 0
|
| 952 |
f |
f |
|p ric
|a Texas A&M University
|b Rellis Campus
|c Joint Library Facility
|d Remote Storage
|t 0
|e PN1993.5.U6 B345 1987
|h Library of Congress classification
|i unmediated -- volume
|m A14811674526
|
| 998 |
f |
f |
|a PN1993.5.U6 B345 1987
|t 0
|l Remote Storage
|